[Event "DEM U12/U12w 2009"]
[Site "Willingen GER"]
[Date "2009.06.01"]
[Round "3"]
[White "Peil, Christoph"]
[Black "Zimmermann, Christian"]
[Result "0-1"]
[Termination "normal"]
[Board "9"]
[WhiteElo "1756"]
[BlackElo "1655"]
[PlyCount "102"]
[WhiteFideId "24651800"]
[BlackFideId "24692069"]
[EventCountry "GER"]
[EventRounds "11"]
[EventType "swiss"]
[EventDate "2009.05.30"]

1. d4 d5 2. c4 e6 3. Nc3 Nf6 4. cxd5 exd5 5. Bg5 Be7 6. e3 O-O 7. Bd3 c6 8.
Nge2 Nbd7 9. O-O Re8 10. Qc2 Nf8 11. Rae1 Be6 12. f3 Rc8 13. Kh1 b6 14. Qb1 Kh8
15. Bh4 Qc7 16. Bf2 Bd6 17. Bg1 Qe7 18. e4 Bb8 19. e5 N6d7 20. f4 Bg4 21. Ng3
Bc7 22. h3 Qh4 23. Bh2 Bh5 24. Nf5 Qd8 25. Ng3 Qh4 26. Nxh5 Qxh5 27. Rf3 Qh4
28. g4 Qd8 29. g5 Nb8 30. Bg1 Ne6 31. h4 Nf8 32. Rh3 Nbd7 33. b4 f6 34. Be3 Qe7
35. b5 c5 36. Kg2 cxd4 37. Nxd5 Qe6 38. Nxc7 Rxc7 39. Bf5 Qc4 40. Rc1 Qe2+ 41.
Kh1 Rxc1+ 42. Bxc1 Qf1+ 43. Kh2 fxe5 44. Bb2 Qf2+ 45. Kh1 exf4 46. Be4 Nc5 47.
Rh2 Qg3 48. Bxd4 Nxe4 49. Qb2 Qf3+ 50. Kg1 Qd1+ 51. Kg2 Nd2 0-1

[Event "DEM U12/U12w 2009"]
[Site "Willingen GER"]
[Date "2009.06.01"]
[Round "3"]
[White "Xiong, Ferdinand"]
[Black "Schröder, Jan-Christian"]
[Result "1-0"]
[Termination "normal"]
[Board "10"]
[WhiteElo "1815"]
[BlackElo "1820"]
[PlyCount "63"]
[WhiteFideId "24654132"]
[BlackFideId "24662259"]
[EventCountry "GER"]
[EventRounds "11"]
[EventType "swiss"]
[EventDate "2009.05.30"]

1. e4 e5 2. Nf3 Nc6 3. Bc4 Bc5 4. c3 Nf6 5. d3 d6 6. O-O a6 7. Bb3 Bg4 8. Re1
Qd7 9. Nbd2 h5 10. Nf1 Be6 11. Bc2 Ng4 12. d4 Bb6 13. h3 exd4 14. cxd4 d5 15.
exd5 Qxd5 16. hxg4 hxg4 17. Bb3 Qf5 18. Ng3 Qh7 19. Bxe6 fxe6 20. Rxe6+ Kd7 21.
Ng5 Qh2+ 22. Kf1 Nxd4 23. Ne2 Qh1+ 24. Ng1 Raf8 25. Be3 Rh2 26. Qxg4 Nf5 27.
Rd1+ Kc8 28. Bxb6 cxb6 29. N5f3 Rhh8 30. Rd5 g6 31. Rxg6 Rh4 32. Nxh4 1-0

[Event "DEM U12/U12w 2009"]
[Site "Willingen GER"]
[Date "2009.06.01"]
[Round "3"]
[White "Schuhmacher, Jakob"]
[Black "Scheel, Henrik"]
[Result "1-0"]
[Termination "normal"]
[Board "11"]
[WhiteElo "1650"]
[BlackElo "1626"]
[PlyCount "73"]
[WhiteFideId "4612787"]
[BlackFideId "24692115"]
[EventCountry "GER"]
[EventRounds "11"]
[EventType "swiss"]
[EventDate "2009.05.30"]

1. d4 d5 2. Nf3 e6 3. c4 Nf6 4. Bg5 Be7 5. Nc3 O-O 6. e3 Nbd7 7. Qc2 a6 8. Bd3
dxc4 9. Bxc4 h6 10. h4 b5 11. Bd3 c5 12. Bxf6 Bxf6 13. Ne4 c4 14. Nxf6+ Nxf6
15. Be4 Nxe4 16. Qxe4 Qd5 17. Qxd5 exd5 18. Ne5 Be6 19. Kd2 Rfc8 20. Rhc1 a5
21. g3 b4 22. a3 Rab8 23. axb4 axb4 24. Kc2 Bf5+ 25. Kd2 c3+ 26. bxc3 b3 27. g4
b2 28. gxf5 bxa1=Q 29. Rxa1 Rb2+ 30. Ke1 Rc2 31. c4 dxc4 32. d5 c3 33. Nc6 Rc7
34. Ne5 Rd2 35. h5 Rxd5 36. Ra8+ Kh7 37. Ng6 1-0

[Event "DEM U12/U12w 2009"]
[Site "Willingen GER"]
[Date "2009.06.01"]
[Round "3"]
[White "Schoepe, Tobias"]
[Black "Bonk, Andras"]
[Result "1-0"]
[Termination "normal"]
[Board "12"]
[WhiteElo "1576"]
[BlackElo "1759"]
[PlyCount "135"]
[WhiteFideId "24692107"]
[BlackFideId "24692123"]
[EventCountry "GER"]
[EventRounds "11"]
[EventType "swiss"]
[EventDate "2009.05.30"]

1. e4 c5 2. Nf3 Nc6 3. d4 cxd4 4. Nxd4 Nf6 5. Nc3 e6 6. Be3 Bb4 7. Bd3 d5 8.
Nxc6 bxc6 9. e5 Nd7 10. Qg4 Qa5 11. O-O g6 12. a3 Bxc3 13. bxc3 c5 14. c4 Nxe5
15. Qg5 Nxd3 16. cxd3 d4 17. Bxd4 h6 18. Qe5 Rg8 19. Bxc5 Qd8 20. Qe3 g5 21.
Qe4 Qc7 22. Qxa8 Qxc5 23. d4 Qc7 24. d5 Ke7 25. Qc6 Qxc6 26. dxc6 Kd6 27. c5+
Kxc6 28. Rac1 Rd8 29. Rfd1 Rd5 30. Rxd5 exd5 31. Kf1 Ba6+ 32. Ke1 Bc4 33. Kd2
Kxc5 34. Re1 Kd6 35. Kc3 h5 36. Kd4 f6 37. Re8 h4 38. g3 hxg3 39. hxg3 a6 40.
f4 gxf4 41. gxf4 Kd7 42. Re3 Ba2 43. f5 Bb1 44. Re6 Bxf5 45. Rxf6 Be4 46. Rxa6
Kc7 47. Kc5 Kb7 48. Rd6 Kc7 49. a4 Kb7 50. a5 Ka7 51. Rf6 Bg2 52. Rd6 Be4 53.
Kb5 Bd3+ 54. Kc5 Bc4 55. Rb6 Ba2 56. Rb2 Bc4 57. Rb6 Ba2 58. Rd6 Bc4 59. Kd4
Ba2 60. Ke5 Bc4 61. Kf6 Bb3 62. Ke7 Ba4 63. Rxd5 Ka6 64. Kd6 Bb5 65. Kc5 Kxa5
66. Rd1 Be8 67. Ra1+ Ba4 68. Kc4 1-0

[Event "DEM U12/U12w 2009"]
[Site "Willingen GER"]
[Date "2009.06.01"]
[Round "3"]
[White "Myagkov, Kirill"]
[Black "Tennert, Simon"]
[Result "0-1"]
[Termination "normal"]
[Board "13"]
[WhiteElo "1551"]
[BlackElo "1729"]
[PlyCount "112"]
[WhiteFideId "24657042"]
[BlackFideId "1270445"]
[EventCountry "GER"]
[EventRounds "11"]
[EventType "swiss"]
[EventDate "2009.05.30"]

1. e4 e5 2. Nf3 Nc6 3. Bc4 Bc5 4. Nc3 Nf6 5. d3 O-O 6. Bg5 h6 7. Bh4 d6 8. h3
Be6 9. Bb3 Nd4 10. O-O Nxb3 11. axb3 c6 12. Na4 Bb6 13. Nxb6 axb6 14. Qd2 Qe7
15. Qe3 c5 16. Nd2 b5 17. Rfe1 g5 18. Bxg5 hxg5 19. Qxg5+ Kh8 20. Qh4+ Kg7 21.
Rxa8 Rxa8 22. Re3 Rg8 23. Rg3+ Kf8 24. Qh6+ Ke8 25. Rxg8+ Nxg8 26. Qh8 Kf8 27.
Nf3 Qf6 28. Qxf6 Nxf6 29. Ng5 Bd7 30. Kh2 Kg7 31. g3 Nh7 32. Nxh7 Kxh7 33. g4
Kh6 34. Kg3 Be6 35. f4 exf4+ 36. Kxf4 c4 37. bxc4 bxc4 38. d4 d5 39. c3 Kg6 40.
h4 Kh6 41. exd5 Bxd5 42. Ke5 Be6 43. g5+ Kg6 44. d5 Bg4 45. d6 Bd7 46. Kd5 Kh5
47. Kxc4 Kxh4 48. Kc5 Kxg5 49. Kb6 f5 50. Kxb7 f4 51. Kc7 Bf5 52. c4 f3 53. c5
f2 54. c6 f1=Q 55. d7 Qf4+ 56. Kb7 Qd6 0-1

[Event "DEM U12/U12w 2009"]
[Site "Willingen GER"]
[Date "2009.06.01"]
[Round "3"]
[White "Kreyssig, Robert"]
[Black "Birnkraut, Tim"]
[Result "0-1"]
[Termination "normal"]
[Board "14"]
[WhiteElo "1787"]
[BlackElo "1328"]
[PlyCount "98"]
[WhiteFideId "4662881"]
[BlackFideId "24609587"]
[EventCountry "GER"]
[EventRounds "11"]
[EventType "swiss"]
[EventDate "2009.05.30"]

1. d4 d5 2. c4 c6 3. cxd5 cxd5 4. Nc3 Nc6 5. Nf3 Nf6 6. Bf4 Qb6 7. Na4 Qa5+ 8.
Bd2 Qc7 9. e3 e6 10. Rc1 Bd7 11. Bb5 Bd6 12. O-O O-O 13. Nc5 Rac8 14. Qa4 Bxc5
15. Rxc5 Ne4 16. Rc2 Nxd2 17. Nxd2 a6 18. Bxc6 Bxc6 19. Qb3 Qd7 20. Qa3 Bb5 21.
Rfc1 Rxc2 22. Rxc2 Rc8 23. Qb3 Rxc2 24. Qxc2 Qc6 25. Qxc6 Bxc6 26. Kf1 Kf8 27.
Ke1 Ke7 28. Nb3 b6 29. Kd1 h5 30. Nc1 g5 31. g3 f6 32. Nd3 Bb5 33. Kd2 Bxd3 34.
Kxd3 e5 35. dxe5 fxe5 36. f4 gxf4 37. gxf4 Ke6 38. fxe5 Kxe5 39. h3 a5 40. a4
h4 41. b3 Kd6 42. Kd4 Kc6 43. Ke5 Kc5 44. Ke6 d4 45. exd4+ Kxd4 46. Kf5 Kc3 47.
Kg4 Kxb3 48. Kxh4 Kxa4 49. Kg5 Kb5 0-1

[Event "DEM U12/U12w 2009"]
[Site "Willingen GER"]
[Date "2009.06.01"]
[Round "3"]
[White "Nöttling, Dominik"]
[Black "Koop, Thorben"]
[Result "0-1"]
[Termination "normal"]
[Board "15"]
[WhiteElo "1781"]
[BlackElo "1735"]
[PlyCount "120"]
[WhiteFideId "24672807"]
[BlackFideId "24661619"]
[EventCountry "GER"]
[EventRounds "11"]
[EventType "swiss"]
[EventDate "2009.05.30"]

1. e4 e5 2. Bc4 Nf6 3. d3 c6 4. Qe2 Be7 5. Nf3 d6 6. h3 O-O 7. Bb3 Nbd7 8. g4
Nc5 9. g5 Ne8 10. Be3 Nxb3 11. axb3 Be6 12. h4 Bg4 13. Rg1 Bh5 14. Rg3 Qc8 15.
Nc3 f5 16. gxf6 Bxf6 17. Bg5 Nc7 18. Qe3 Ne6 19. Ne2 Qd8 20. Bxf6 Qxf6 21. Neg1
Kh8 22. Rxa7 Nd4 23. Qg5 Rxa7 24. Qxh5 Ra1+ 25. Kd2 b5 26. Qg5 Qxg5+ 27. hxg5
Rf1 28. Nxd4 exd4 29. f3 Rf2+ 30. Ne2 c5 31. g6 h6 32. c3 dxc3+ 33. bxc3 R8xf3
34. Rg1 Rf1 35. Rg2 R3f2 36. Rg3 Ra1 37. Re3 Rg2 38. e5 Rxg6 39. e6 Ra8 40. e7
Re8 41. Nf4 Rg5 42. c4 bxc4 43. bxc4 Kg8 44. Re6 Kf7 45. Rxd6 Rxe7 46. Rc6 Ree5
47. Kc3 h5 48. Rc8 Rgf5 49. Nd5 h4 50. Rc7+ Kf8 51. Ra7 h3 52. Ra2 g5 53. Rh2
g4 54. Rh1 Rf2 55. d4 Rf3+ 56. Kd2 cxd4 57. Rh2 Rh5 58. Ke2 Ra3 59. Rf2+ Kg7
60. Nb4 h2 0-1

[Event "DEM U12/U12w 2009"]
[Site "Willingen GER"]
[Date "2009.06.01"]
[Round "3"]
[White "Volz, Alexander"]
[Black "Reksten, Anne"]
[Result "1/2-1/2"]
[Termination "normal"]
[Board "16"]
[WhiteElo "1650"]
[BlackElo "1176"]
[PlyCount "47"]
[WhiteFideId "4669126"]
[BlackFideId "24692778"]
[EventCountry "GER"]
[EventRounds "11"]
[EventType "swiss"]
[EventDate "2009.05.30"]

1. e4 c6 2. d4 d5 3. Nc3 dxe4 4. Nxe4 Bf5 5. Ng3 Bg6 6. Nf3 Nd7 7. h4 h6 8. h5
Bh7 9. Bd3 Bxd3 10. Qxd3 e6 11. Bf4 Qa5+ 12. Bd2 Qc7 13. O-O-O O-O-O 14. Qb3 c5
15. dxc5 Bxc5 16. Ne4 Ngf6 17. Nxc5 Nxc5 18. Qc4 Nce4 19. Qxc7+ Kxc7 20. Bf4+
Kc8 21. Be3 b6 22. Ne5 Rd5 23. Rxd5 Nxd5 24. Bd4 1/2-1/2

[Event "DEM U12/U12w 2009"]
[Site "Willingen GER"]
[Date "2009.06.01"]
[Round "3"]
[White "Kasel, Ronaldo"]
[Black "Donchenko, Alexander"]
[Result "0-1"]
[Termination "normal"]
[Board "17"]
[WhiteElo "1544"]
[BlackElo "1984"]
[PlyCount "154"]
[WhiteFideId "24660949"]
[BlackFideId "24603295"]
[EventCountry "GER"]
[EventRounds "11"]
[EventType "swiss"]
[EventDate "2009.05.30"]

1. e4 c5 2. Nf3 e6 3. Nc3 d6 4. d3 Nf6 5. Bg5 Be7 6. Qd2 h6 7. Be3 Nc6 8. d4
cxd4 9. Nxd4 a6 10. f3 Qc7 11. Na4 Nxd4 12. Bxd4 b5 13. Nc3 Bb7 14. O-O-O Rc8
15. Bd3 Qa5 16. Kb1 b4 17. Ne2 d5 18. e5 Nd7 19. Nc1 Qc7 20. f4 Nb6 21. f5 Nc4
22. Bxc4 Qxc4 23. f6 gxf6 24. exf6 Bd6 25. Qf2 a5 26. Nb3 Qb5 27. Qh4 a4 28.
Na1 a3 29. Qg4 axb2 30. Bxb2 Ra8 31. Rhe1 Qa6 32. Kc1 Kd7 33. Nb3 Rhg8 34. Qh5
Rg6 35. Be5 Rc8 36. Bb2 Qc4 37. Re2 Ba6 38. Rde1 Qf4+ 39. Rd2 Qxh2 40. Qxh2
Bxh2 41. Kb1 Bf4 42. Rd4 Bd6 43. Rd2 Rcg8 44. Rh1 Bf8 45. Bd4 Kc6 46. Be5 Rxg2
47. Nd4+ Kb6 48. Rxg2 Rxg2 49. Bf4 Rg6 50. Be5 Bc5 51. Nb3 Be3 52. Rh4 Bc4 53.
Rh3 Bg5 54. Rf3 Be2 55. Rf2 Bg4 56. Bd4+ Kb5 57. Be5 h5 58. Nd4+ Kb6 59. Kb2 h4
60. Kb3 Kc5 61. c3 bxc3 62. Kxc3 h3 63. a4 Be3 64. Ra2 Bxd4+ 65. Bxd4+ Kd6 66.
Kb4 e5 67. Bc5+ Kc6 68. Be7 Bf3 69. a5 Rg2 70. Ra1 h2 71. a6 Rg1 72. Ra2 h1=Q
73. a7 Rg8 74. a8=Q+ Rxa8 75. Rxa8 Qb1+ 76. Kc3 d4+ 77. Kd2 Qd1# 0-1

[Event "DEM U12/U12w 2009"]
[Site "Willingen GER"]
[Date "2009.06.01"]
[Round "3"]
[White "Grigorian, Spartak"]
[Black "Keller, Peter"]
[Result "1/2-1/2"]
[Termination "normal"]
[Board "18"]
[WhiteElo "1765"]
[BlackElo "1458"]
[PlyCount "132"]
[WhiteFideId "24661490"]
[BlackFideId "1272105"]
[EventCountry "GER"]
[EventRounds "11"]
[EventType "swiss"]
[EventDate "2009.05.30"]

1. d4 d5 2. Nf3 Nf6 3. c4 c6 4. Nc3 e6 5. Bg5 Nbd7 6. e3 Qa5 7. Nd2 Bb4 8. Qc2
O-O 9. a3 b6 10. Nb3 Bxc3+ 11. bxc3 Qa4 12. cxd5 cxd5 13. Bd3 Ba6 14. Bxa6 Qxa6
15. Bxf6 Nxf6 16. Nd2 Rfc8 17. a4 Rc7 18. f3 Rac8 19. Ra3 b5 20. Nb1 b4 21. Ra1
bxc3 22. Kf2 Qb6 23. Ra2 Nd7 24. Rd1 Nb8 25. Ra3 Qb2 26. Qxb2 cxb2 27. Rd2 Rc2
28. Rad3 Nd7 29. Rxc2 Rxc2+ 30. Rd2 Rxd2+ 31. Nxd2 Nb6 32. Ke2 Nxa4 33. Kd3 Nb6
34. Kc2 b1=Q+ 35. Kxb1 Kf8 36. Kb2 Ke7 37. Kb3 a5 38. e4 Kd6 39. e5+ Kc6 40. f4
Kb5 41. g4 Nc4 42. Nf3 h6 43. f5 Ne3 44. fxe6 fxe6 45. g5 Nf5 46. gxh6 gxh6 47.
Kc3 a4 48. Ng1 a3 49. Ne2 a2 50. Kb2 a1=Q+ 51. Kxa1 Kc4 52. Kb2 Nxd4 53. Nf4
Nc6 54. Nxe6 Nxe5 55. Kc2 Nf3 56. h3 Nd4+ 57. Nxd4 Kxd4 58. Kd1 h5 59. h4 Ke4
60. Ke2 d4 61. Kd2 d3 62. Kd1 Ke3 63. Ke1 d2+ 64. Kd1 Kf4 65. Kxd2 Kg4 66. Ke2
Kxh4 1/2-1/2

[Event "DEM U12/U12w 2009"]
[Site "Willingen GER"]
[Date "2009.06.01"]
[Round "3"]
[White "Hansch, Karsten"]
[Black "Damm, Nils"]
[Result "1/2-1/2"]
[Termination "normal"]
[Board "19"]
[WhiteElo "1839"]
[BlackElo "1458"]
[PlyCount "61"]
[WhiteFideId "24692239"]
[BlackFideId "24693065"]
[EventCountry "GER"]
[EventRounds "11"]
[EventType "swiss"]
[EventDate "2009.05.30"]

1. e4 e5 2. Nf3 Nc6 3. Bc4 Nf6 4. d3 Bc5 5. c3 Bb6 6. O-O O-O 7. Nbd2 d6 8. Bb3
Be6 9. Bc2 Re8 10. Re1 Ng4 11. Re2 d5 12. h3 Bxf2+ 13. Rxf2 Ne3 14. Qe2 Nxc2
15. Rb1 d4 16. Nb3 Ne3 17. Bxe3 dxe3 18. Qxe3 Bxb3 19. axb3 a5 20. Nh2 f6 21.
Nf1 Qd7 22. Ng3 Rad8 23. Rd1 Qe6 24. Rdd2 Qxb3 25. Nf5 Ne7 26. Nxe7+ Rxe7 27.
Qc5 Red7 28. Qxa5 Rxd3 29. Rxd3 Rxd3 30. Qxc7 Qd1+ 31. Kh2 1/2-1/2

[Event "DEM U12/U12w 2009"]
[Site "Willingen GER"]
[Date "2009.06.01"]
[Round "3"]
[White "Hoffmann, Tim"]
[Black "Manusina, Nicole"]
[Result "1-0"]
[Termination "normal"]
[Board "20"]
[WhiteElo "1455"]
[BlackElo "1685"]
[PlyCount "57"]
[WhiteFideId "12900338"]
[BlackFideId "24657514"]
[EventCountry "GER"]
[EventRounds "11"]
[EventType "swiss"]
[EventDate "2009.05.30"]

1. e4 c6 2. d4 d5 3. e5 Bf5 4. Nf3 e6 5. Be2 c5 6. c3 Nc6 7. Be3 cxd4 8. cxd4
Bb4+ 9. Nbd2 Nge7 10. O-O O-O 11. Nb3 Rc8 12. a3 Ba5 13. Nc5 Rb8 14. Rc1 Bb6
15. b4 Bxc5 16. Rxc5 f6 17. exf6 Rxf6 18. Bf4 Bc2 19. Qd2 Be4 20. Bxb8 Qxb8 21.
Rfc1 a6 22. a4 Qd6 23. b5 axb5 24. axb5 Nd8 25. Ne5 Ng6 26. f3 Bf5 27. g4 Nxe5
28. dxe5 Qxe5 29. gxf5 1-0

[Event "DEM U12/U12w 2009"]
[Site "Willingen GER"]
[Date "2009.06.01"]
[Round "3"]
[White "Kast, Joannis"]
[Black "Priese, Annika"]
[Result "1/2-1/2"]
[Termination "normal"]
[Board "21"]
[WhiteElo "1618"]
[BlackElo "1446"]
[PlyCount "99"]
[WhiteFideId "24698776"]
[BlackFideId "24673730"]
[EventCountry "GER"]
[EventRounds "11"]
[EventType "swiss"]
[EventDate "2009.05.30"]

1. e4 c5 2. Nf3 d6 3. d4 cxd4 4. Nxd4 Nf6 5. Nc3 a6 6. Be2 e6 7. O-O Nbd7 8.
Be3 Qc7 9. Bf3 Ne5 10. Be2 Be7 11. f4 Ned7 12. Bf3 Rb8 13. a4 b6 14. Nb3 Bb7
15. Rf2 Rc8 16. Rc1 Qb8 17. Rd2 Rxc3 18. bxc3 Nxe4 19. Bxe4 Bxe4 20. Qe2 Bb7
21. Rcd1 O-O 22. Bd4 d5 23. g3 Bf6 24. Bxf6 Nxf6 25. a5 Qc7 26. axb6 Qxb6+ 27.
Kf1 a5 28. Qf2 Qb5+ 29. Qe2 Qb6 30. Qf2 Ba6+ 31. Ke1 Qc7 32. Qc5 Qb7 33. Qxa5
Ra8 34. Nc5 Qa7 35. Qxa6 Qxa6 36. Nxa6 Rxa6 37. Rb1 h6 38. Ke2 Ne4 39. Rd3 Rc6
40. Rb3 Nc5 41. Rb8+ Kh7 42. Rf3 Ne4 43. Rb3 Kg6 44. h3 Rc7 45. Ra3 Kh5 46. Rb3
Kg6 47. Re3 Kf5 48. Ra3 Rc8 49. Rxe4 Kxe4 50. Ra4+ 1/2-1/2

[Event "DEM U12/U12w 2009"]
[Site "Willingen GER"]
[Date "2009.06.01"]
[Round "3"]
[White "Brinkmann, Fabian"]
[Black "Herbst, Timothy"]
[Result "1-0"]
[Termination "normal"]
[Board "22"]
[WhiteElo "1601"]
[BlackElo "1416"]
[PlyCount "118"]
[WhiteFideId "24661414"]
[BlackFideId "12900346"]
[EventCountry "GER"]
[EventRounds "11"]
[EventType "swiss"]
[EventDate "2009.05.30"]

1. d4 d5 2. Bf4 Nc6 3. c3 Nf6 4. Nf3 Bf5 5. e3 e6 6. Bd3 Bxd3 7. Qxd3 Qd7 8.
Nbd2 O-O-O 9. Ne5 Nxe5 10. dxe5 Ne4 11. Nb3 Kb8 12. f3 Nc5 13. Nxc5 Bxc5 14. a4
a5 15. Ke2 Qc6 16. Rhb1 Bb6 17. b4 Qc4 18. bxa5 Bxa5 19. Rb5 b6 20. Kd2 Qxd3+
21. Kxd3 h6 22. Rab1 Ka7 23. Bg3 Rd7 24. Bf2 Ka6 25. f4 g5 26. g4 gxf4 27. exf4
Rg8 28. Rg1 c6 29. Rb2 Rdd8 30. h4 Rg7 31. Be3 Rdg8 32. Rbg2 h5 33. g5 Rg6 34.
f5 exf5 35. Rf2 Re8 36. Rxf5 Re7 37. Bf4 c5 38. Rf6 d4 39. cxd4 cxd4 40. Kxd4
Bb4 41. Ke4 Bc5 42. Rd1 Bf2 43. Rxg6 fxg6 44. Rd6 Rg7 45. e6 Re7 46. Kd5 Bc5
47. Rd7 Ka5 48. Bd6 Bxd6 49. Kxd6 Re8 50. e7 Kxa4 51. Rd8 Rxe7 52. Kxe7 b5 53.
Kd6 b4 54. Kc5 Ka3 55. Kc4 b3 56. Kc3 Ka2 57. Ra8+ Kb1 58. Kxb3 Kc1 59. Rd8 Kb1
1-0

[Event "DEM U12/U12w 2009"]
[Site "Willingen GER"]
[Date "2009.06.01"]
[Round "3"]
[White "Stolberg, Daniel"]
[Black "Lieber, Carl"]
[Result "1/2-1/2"]
[Termination "normal"]
[Board "23"]
[WhiteElo "1412"]
[BlackElo "1587"]
[PlyCount "82"]
[EventCountry "GER"]
[EventRounds "11"]
[EventType "swiss"]
[EventDate "2009.05.30"]

1. Nf3 d5 2. g3 Nc6 3. Bg2 e5 4. d3 Nf6 5. Nbd2 h6 6. O-O Be6 7. Re1 Qd7 8. e4
dxe4 9. Nxe4 Nxe4 10. Rxe4 Bd6 11. b3 Bf5 12. Re1 O-O-O 13. a4 Bb4 14. Bd2 Bxd2
15. Qxd2 Rhe8 16. b4 Qd6 17. b5 Nb4 18. Nh4 Be6 19. Re4 Nd5 20. Qe1 f6 21. Qd2
Kb8 22. a5 Bc8 23. Rea4 g5 24. Nf3 h5 25. Ne1 Rg8 26. c4 Ne7 27. Qc2 Qd7 28.
Qb3 Nf5 29. Rb1 Nd4 30. Qb2 Ne6 31. Bd5 Nc5 32. Rb4 Rg7 33. Rd1 Qg4 34. Bf3 Qd7
35. Qa3 f5 36. b6 a6 37. bxc7+ Qxc7 38. Rdb1 g4 39. Bg2 f4 40. Rb6 f3 41. Bf1
Rh7 1/2-1/2

[Event "DEM U12/U12w 2009"]
[Site "Willingen GER"]
[Date "2009.06.01"]
[Round "3"]
[White "Schwarz, Larissa"]
[Black "Hümmecke, Aaron"]
[Result "1/2-1/2"]
[Termination "normal"]
[Board "24"]
[WhiteElo "1403"]
[BlackElo "1578"]
[PlyCount "95"]
[WhiteFideId "24699004"]
[BlackFideId "24692522"]
[EventCountry "GER"]
[EventRounds "11"]
[EventType "swiss"]
[EventDate "2009.05.30"]

1. e4 e5 2. Nf3 Nc6 3. d4 exd4 4. Nxd4 Nf6 5. Nc3 Bb4 6. Nxc6 bxc6 7. Bd3 d5 8.
exd5 cxd5 9. O-O h6 10. Re1+ Be6 11. Bb5+ Kf8 12. Bd2 Rb8 13. a4 Qd6 14. h3 Bc5
15. Qf3 Kg8 16. Bf4 Qd8 17. Be5 Be7 18. Rad1 Bb4 19. Bxf6 Qxf6 20. Qxf6 gxf6
21. Re2 Bxc3 22. bxc3 Kh7 23. Red2 Rhg8 24. Kh2 c5 25. Bc6 Rb2 26. Re2 Rd8 27.
Red2 Rd6 28. Bxd5 Rxd5 29. Rxd5 Bxd5 30. Rxd5 Ra2 31. Rxc5 Rxa4 32. Rc7 Kg6 33.
Kg3 Ra2 34. Kf3 Rxc2 35. Rxa7 Rxc3+ 36. Ke4 f5+ 37. Kf4 Rc4+ 38. Ke3 Rc3+ 39.
Kd2 Rb3 40. Rc7 Ra3 41. Rc3 Ra2+ 42. Ke3 f6 43. Rd3 Ra4 44. Rd4 Ra3+ 45. Kf4
Ra2 46. Kg3 Rb2 47. Rf4 Rb1 48. Kf3 1/2-1/2

[Event "DEM U12/U12w 2009"]
[Site "Willingen GER"]
[Date "2009.06.01"]
[Round "3"]
[White "Siegert, Gregor"]
[Black "Gabriel, Liem Thanh"]
[Result "1-0"]
[Termination "normal"]
[Board "25"]
[WhiteElo "1392"]
[BlackElo "1798"]
[PlyCount "103"]
[WhiteFideId "1271250"]
[BlackFideId "24696005"]
[EventCountry "GER"]
[EventRounds "11"]
[EventType "swiss"]
[EventDate "2009.05.30"]

1. d4 Nf6 2. c4 e6 3. Nc3 Bb4 4. e3 Ne4 5. Bd2 Bxc3 6. Bxc3 b6 7. Bd3 Bb7 8.
Qc2 Nxc3 9. Nf3 Nxa2 10. Rxa2 Nc6 11. O-O Nb4 12. Qb3 Nxa2 13. Qxa2 O-O 14. b3
f5 15. Qe2 d6 16. Rd1 Qe7 17. Re1 e5 18. Bc2 Bxf3 19. Qxf3 exd4 20. Qd5+ Qf7
21. Qxd4 Rad8 22. Bd3 Qf6 23. Qd5+ Kh8 24. Rb1 c5 25. h3 g6 26. Bc2 a6 27. Qd3
Rb8 28. Qd2 b5 29. Bd3 b4 30. Be2 a5 31. Bf3 Rfe8 32. Qa2 f4 33. e4 Qd8 34. Rd1
Re5 35. Qb2 Qf8 36. Qa1 Ra8 37. Rd5 Qf6 38. Rd2 Kg8 39. Ra2 Qd8 40. Qc1 g5 41.
Qd1 Qe7 42. Rc2 Ra7 43. Ra2 Qd8 44. Rd2 Rd7 45. Bg4 Rde7 46. Rxd6 Qc7 47. f3
Kg7 48. Qd2 Qa7 49. h4 h6 50. h5 a4 51. Rg6+ Kh7 52. Qd6 1-0

[Event "DEM U12/U12w 2009"]
[Site "Willingen GER"]
[Date "2009.06.01"]
[Round "3"]
[White "Abrahamyan, Arsen"]
[Black "Cech, Tim"]
[Result "1-0"]
[Termination "normal"]
[Board "26"]
[WhiteElo "1573"]
[BlackElo "1410"]
[PlyCount "139"]
[WhiteFideId "1271755"]
[BlackFideId "1270258"]
[EventCountry "GER"]
[EventRounds "11"]
[EventType "swiss"]
[EventDate "2009.05.30"]

1. e4 e5 2. Nf3 Nf6 3. Nxe5 d6 4. Nf3 Nxe4 5. Nc3 Nxc3 6. dxc3 Bg4 7. Be3 Nc6
8. Be2 Be7 9. Qd2 Qd7 10. h3 Bh5 11. g4 Bg6 12. O-O-O O-O-O 13. Nd4 Rhe8 14. a3
a6 15. Bf3 Ne5 16. Be2 Bf6 17. f4 Nc6 18. f5 h6 19. fxg6 Rxe3 20. h4 Re5 21.
gxf7 Nxd4 22. cxd4 Re4 23. Bd3 Rxg4 24. Rhf1 Rxd4 25. Bf5 Qxf5 26. Rxf5 Rxd2
27. Kxd2 Rf8 28. c3 Rxf7 29. Rdf1 Kd7 30. Kd3 Re7 31. R5f4 b5 32. Re4 c5 33.
Rxe7+ Kxe7 34. Re1+ Kd7 35. h5 d5 36. Rd1 Kc6 37. Re1 Kd7 38. Rd1 Kc6 39. Ke3
d4+ 40. Kd3 a5 41. c4 b4 42. a4 Kd6 43. Ke4 Ke6 44. b3 Be5 45. Rf1 Bd6 46. Rf5
d3 47. Rd5 d2 48. Rxd2 Be7 49. Rg2 Bf6 50. Rg6 Kd6 51. Kf5 Ke7 52. Rg2 Kd7 53.
Re2 Kc7 54. Re6 Kb7 55. Rxf6 gxf6 56. Kxf6 Kc6 57. Kg6 Kd6 58. Kxh6 Ke5 59. Kg7
Kd4 60. h6 Kc3 61. h7 Kxb3 62. h8=Q Kxa4 63. Kg6 b3 64. Qc3 Ka3 65. Qxa5+ Kb2
66. Qxc5 Kc2 67. Qb5 b2 68. c5 b1=Q 69. Qxb1+ Kxb1 70. c6 1-0

[Event "DEM U12/U12w 2009"]
[Site "Willingen GER"]
[Date "2009.06.01"]
[Round "3"]
[White "Richter, Leonard"]
[Black "Ismail, Nabil"]
[Result "1-0"]
[Termination "normal"]
[Board "28"]
[WhiteElo "1553"]
[BlackElo "1400"]
[PlyCount "45"]
[WhiteFideId "12900290"]
[EventCountry "GER"]
[EventRounds "11"]
[EventType "swiss"]
[EventDate "2009.05.30"]

1. e4 e5 2. Nf3 Nc6 3. d4 exd4 4. Bc4 Nf6 5. e5 d5 6. Bb5 Nd7 7. O-O Bc5 8.
Bxc6 bxc6 9. Nxd4 Nxe5 10. Re1 Qf6 11. f4 Qh4 12. Rxe5+ Be6 13. Be3 Bxd4 14.
Bxd4 Qxf4 15. Re1 O-O 16. Be5 Qb4 17. Nc3 Qb6+ 18. Kh1 Rac8 19. Qd3 Bd7 20. Bd4
Qb7 21. Re7 Be6 22. Qg3 f6 23. Qxg7# 1-0

[Event "DEM U12/U12w 2009"]
[Site "Willingen GER"]
[Date "2009.06.01"]
[Round "3"]
[White "Senf, Paul"]
[Black "Oehne, Timo"]
[Result "1-0"]
[Termination "normal"]
[Board "29"]
[WhiteElo "1330"]
[BlackElo "1551"]
[PlyCount "71"]
[WhiteFideId "12900389"]
[BlackFideId "24661635"]
[EventCountry "GER"]
[EventRounds "11"]
[EventType "swiss"]
[EventDate "2009.05.30"]

1. e4 g6 2. d4 d6 3. Nc3 Bg7 4. Nf3 Nf6 5. Be3 Nbd7 6. Be2 O-O 7. Qd2 e5 8.
O-O-O Ng4 9. h3 Nxe3 10. Qxe3 exd4 11. Nxd4 Qh4 12. g3 Qh6 13. Qxh6 Bxh6+ 14.
Kb1 a6 15. g4 Re8 16. Rhf1 Nc5 17. Bd3 b5 18. Nd5 Bg7 19. Nxc7 Bxd4 20. Nxe8
Bxg4 21. hxg4 Rxe8 22. f3 Kf8 23. Bxb5 axb5 24. Rxd4 Rd8 25. Rfd1 Ke7 26. e5
Nb7 27. exd6+ Rxd6 28. Rxd6 Nxd6 29. c3 Ke6 30. Kc2 Nc4 31. Kb3 Kf6 32. Kb4
Nxb2 33. Rh1 Nd3+ 34. Kxb5 Ne5 35. c4 Nxf3 36. Rf1 1-0